000 01313cam a22001814a 4500
005 20250605164358.0
008 250528s ||||||||||||||||||||||||d
035 _a24421
040 _aGR-AtMCL
_bgre
_dGR-AtMCL
_eAACR2
245 1 _aΑναγκαία η Δημιουργία μιας Εθνικής Κυβέρνησης / Τα Επιχειρηματικά Σχήματα της Θ.Ε.Α.
260 _bΕμπορικό Και Βιομηχανικό Επιμελητήριο Αθηνών,
_c2015
300 _a64
520 _aΤα Επιχειρηματικά Σχήματα της Θ.Ε.Α., Για να Βγούμε από την Κρίση Χρειάζεται Συλλογική Ανάληψη Ευθυνών, Οδεύοντας προς μια Ακόμα Κρίσιμη Εκλογική Αναμέτρηση, Σε Ποιούς Επιχειρηματικούς Κλάδους Φέρνει Ανατροπές το Νέο Μνημόνιο, Η Νέα Πτωχευτική Διαδικασία, Εφικτή η Άρση των Capital Controls στα Τέλη του 2015, Αναποτελεσματικές Παραγωγικές Δομές και Μνημόνια.
700 1 _aΜίχαλος Κωνσταντίνος
_94319
942 _cCR
999 _c9304
_d9304